Blahynka, Milan: Novinář Zdeněk Nejedlý

Bibliographic Details
Main Authors: Rosenbaum, Karol, 1920-2001 (Author), Blahynka, Milan, 1933- (Author)
Format: Article
Language:Slovak
Subjects:

MARC

LEADER 00000nab a2200000 a 4500
001 vtls000074065
003 SK-MaSNL
005 20260304072919.0
008 250423c1980 xo 0 slo
015 |a SNBRB19rr/mm-uuuuu 
035 |a CL0084166 
035 |a urn:nbn:sk:snk-abezx3 
035 |a (urnnbn)urn:nbn:sk:snk:ar-0050qf 
035 |a (uuid)fad105aa-4ca3-49c5-8ab8-2edc2e2206c6 
040 |a SNKBUCL  |b slo  |c SNKBUCL  |e AACR2 
041 0 |a slo 
044 |a xo  |c SK 
080 |a 82.09:82(091):885.0"19"(048)  |2 1981 
080 |a 82(091)  |2 1981 
080 |a 885.0"19"(048)  |2 1981 
080 |a 82  |2 1981 
080 |a 885.0(048)  |2 1981 
080 |a 885.0(091)"19"(048)  |2 1981 
080 |a 885.0  |2 1981 
080 |a 92(048)  |2 1981 
080 |a 07  |2 1981 
080 |a 92 Nejedlý, Zdeněk  |2 1981 
100 1 |a Rosenbaum, Karol,  |d 1920-2001  |4 aut  |9 103255 
245 1 0 |a Blahynka, Milan: Novinář Zdeněk Nejedlý  |c Karol Rosenbaum ; Milan Blahynka 
600 1 7 |a Nejedlý, Zdeněk,  |d 1878-1962  |2 snkbucl  |9 114414 
655 7 |a články z novín a časopisov  |2 snkbucl  |9 267496 
655 7 |a články z odboru literárna veda a krásna literatúra  |2 snkbucl  |9 770045 
700 1 |a Blahynka, Milan,  |d 1933-  |4 aut  |9 18536 
773 0 |t Slovenská literatúra  |g Roč. 27, č. 5 (1980), s. 483-484 
787 0 8 |i Rec.:  |a Blahynka, Milan  |t Novinář Zdeněk Nejedlý  |d Praha : Novinář, 1979 
850 |a Slovenská národná knižnica 
852 |a Slovenská národná knižnica 
954 |a odborná, vedecká literatúra pôvodná (slovenská)  |2 lita 
958 |a article27 
958 |a RK 
958 |a CZ 
958 |a LX 
958 |a SK 
958 |a OND 
958 |a EUIPO 
992 |a RBX 
999 |c 2768503  |d 2770433